Soberana̕ alimentaria agroecologa̕, semillas y “gentrificacin̤” de lo rural /

Bibliographic Details
Main Author: Lamprea Montealegre, Everaldo
Format: eBook
Language:Spanish
Published: Bogot:̀ Universidad de Los Andes (Colombia), 2017
Subjects:
Online Access:Acceso restringido

MARC

LEADER 00000nam a22000007a 4500
005 20190708154712.0
007 cr|||| ||||
008 190708s2017 co |||||s|||| 00||0 spa d
020 |a 978-958-774-490-3 
035 |a 23299 
040 |a vLex 
090 |c 9004  |d 9004 
100 1 |a Lamprea Montealegre, Everaldo 
245 1 0 |a Soberana̕ alimentaria  |h [Recurso electrn̤ico] :  |b agroecologa̕, semillas y “gentrificacin̤” de lo rural /  |c Everaldo Lamprea Montealegre 
256 |a Servicio en ln̕ea 
260 |a Bogot:̀  |b Universidad de Los Andes (Colombia),  |c 2017 
300 |a 1 recurso electrn̤ico 
506 1 |a Disponible solo en los productos indicados  |d vLex Global  |d vLex Global (Academic Edition, excluding Law Schools)  |d vLex Global (U.S. Academic Edition, Law Schools)  |d vLex Global (U.S. Academic Edition, excluding Law Schools)  |d vLex Global (Academic Edition, Law Schools) 
650 0 4 |a Agricultura  |z Colombia 
740 0 |a vLex Libros (Servicio en ln̕ea) 
856 4 0 |u http://vlex.com/source/soberania-alimentaria-agroecologia-semillas-gentrificacion-rural-23299  |z Acceso restringido 
942 |c BOOK 
999 0 |a Farming